Statistics for Word Scramble Geography by Letter - B

Click here to take the quiz!

General Stats

  • This quiz has been taken 360 times
  • The average score is 14 of 20

Answer Stats

Answer% Correct
Baku
100%
Benin
100%
Bern
100%
Bhutan
100%
Bogota
100%
Bulgaria
100%
Birmingham
96%
Baghdad
94%
Belize
94%
Bolivia
90%
Botswana
90%
Brazil
90%
Belgium
89%
Budapest
89%
Beijing
88%
Borneo
88%
Bangkok
87%
Bangladesh
87%
Burma
87%
Bahamas
86%
Boston
86%
Brasilia
86%
Bahrain
85%
Belmopan
84%
Bishkek
83%
Busan
83%
Beirut
82%
Brunei
82%
Belgrade
81%
Brussels
80%
Burundi
80%
Boise
79%
Bavaria
77%
Baffin
76%
Barbados
76%
Belem
76%
Brazzaville
76%
Bissau
75%
Bosnia and Herzegovina
75%
Babylon
74%
Bratislava
74%
Berlin
73%
Bamako
71%
Basseterre
67%
Banjul
65%
Belarus
65%
Burkina Faso
63%
Bayou
61%
Belo Horizonte
61%
Bangui
60%
Brisbane
60%
Bismarck
58%
Balkans
57%
Baltic
57%
Bridgetown
57%
Barcelona
55%
Bering
54%
Britain
53%
Bangalore
52%
Bandar Seri Begawan
50%
Bucharest
50%
Buenos Aires
35%
Baton Rouge
32%

Score Distribution

Percentile by Number Answered

Percent of People with Each Score

Your Score History

You have not taken this quiz